Normal view
MARC view
Entry Topical Term
001 - CONTROL NUMBER
- control field: 4443
003 - CONTROL NUMBER IDENTIFIER
- control field: BD-DhEWU
005 - DATE AND TIME OF LATEST TRANSACTION
- control field: 20140304143548.0
008 - FIXED-LENGTH DATA ELEMENTS
- fixed length control field: 140304|| aca||aabn | a|a d
040 ## - CATALOGING SOURCE
- Original cataloging agency: BD-DhEWU
- Transcribing agency: BD-DhEWU
150 ## - HEADING--TOPICAL TERM
- Topical term or geographic name as entry element: Money -- United States.
670 ## - SOURCE DATA FOUND
- Source citation: Work cat.: (BD-DhEWU)1878: Mayer, Thomas, 1927- 4442, Money, banking, and the economy /, c1990.